Защита от ионизирующих излучений: в 2-х томах; учебник

Bibliographic Details
Other Authors: Гусев Н. Г. Николай Григорьевич (редактор), Кимель Л. Р., Машкович В. П., Пологих Б. Г., Суворов А. П.
Language:Russian
Published: Москва, Атомиздат, 1969
Format: Book
KOHA link:https://koha.lib.tpu.ru/cgi-bin/koha/opac-detail.pl?biblionumber=72452

MARC

LEADER 00000nam1a2200000 4500
001 72452
005 20231031083429.0
035 |a (RuTPU)RU\TPU\book\77259 
090 |a 72452 
100 |a 20050124d1969 m y0rusy50 ca 
101 0 |a rus 
102 |a RU 
200 1 |a Защита от ионизирующих излучений  |e в 2-х томах  |e учебник  |f Н. Г. Гусев, Л. Р. Кимель, В. П. Машкович и др.  |g Под ред. Н. Г. Гусева 
210 |a Москва  |c Атомиздат  |d 1969 
675 |a 621.384  |v 3 
701 1 |a Гусев  |b Н. Г.  |g Николай Григорьевич 
701 1 |a Кимель  |b Л. Р. 
701 1 |a Машкович  |b В. П. 
701 1 |a Пологих  |b Б. Г. 
701 1 |a Суворов  |b А. П. 
702 1 |a Гусев  |b Н. Г.  |g Николай Григорьевич  |4 340 
801 1 |a RU  |b 63413507  |c 20050124  |g PSBO 
801 2 |a RU  |b 63413507  |c 20060510  |g PSBO 
942 |c BK